[Event "Fredrikstad CC-ch"]
[Site "Fredrikstad"]
[Date "2003.04.09"]
[Round "9"]
[White "Andersen, Harry"]
[Black "Mordt, Camillo"]
[Result "1-0"]
[WhiteElo "1675"]
[BlackElo "1478"]
[PlyCount "71"]
[EventDate "2003.01.??"]
[EventType "swiss"]
[EventRounds "11"]
[EventCountry "NOR"]
[SourceTitle "EXT 2005"]
[Source "ChessBase"]
[SourceDate "2004.11.15"]
[SourceVersion "1"]
[SourceVersionDate "2004.11.15"]
[SourceQuality "1"]

1. e4 e5 2. f4 d5 3. exd5 e4 4. Nc3 Nf6 5. d3 Bb4 6. Bd2 e3 7. Bxe3 0-0 8. Bd2 Re8+ 9. Nce2 Bc5 10. c4 c6 11. Nf3 cxd5 12. d4 Bb6 13. c5 Bc7 14. g3 Nc6 15. Bg2 Bg4 16. 0-0 Ne4 17. b4 a5 18. b5 Nb4 19. a3 Nd3 20. Qc2 Nxd2 21. Qxd2 Bf5 22. b6 Qe7 23. Nc3 Bd8 24. Nxd5 Qe6 25. Ne5 Nxe5 26. fxe5 Qg6 27. Nf4 Qh6 28. Bxb7 Rb8 29. Bg2 f6 30. Qxa5 fxe5 31. Qa7 Bg5 32. dxe5 Bxf4 33. Rxf4 Qe6 34. Raf1 Bd3 35. Rd4 Bxf1 36. Bd5 1-0

[Event "Fredrikstad CC-ch"]
[Site "Fredrikstad"]
[Date "2003.01.15"]
[Round "1"]
[White "Mordt, Camillo"]
[Black "Boe, Timmy"]
[Result "0-1"]
[WhiteElo "1478"]
[BlackElo "1544"]
[PlyCount "74"]
[EventDate "2003.01.??"]
[EventType "swiss"]
[EventRounds "11"]
[EventCountry "NOR"]
[SourceTitle "EXT 2005"]
[Source "ChessBase"]
[SourceDate "2004.11.15"]
[SourceVersion "1"]
[SourceVersionDate "2004.11.15"]
[SourceQuality "1"]

1. e4 e5 2. Nc3 Nf6 3. f4 d6 4. Nf3 Nc6 5. Bc4 Be6 6. Bxe6 fxe6 7. fxe5 dxe5 8. d3 Bc5 9. h3 Qd7 10. Bd2 0-0-0 11. Na4 Be7 12. Be3 Rhf8 13. Nc5 Qe8 14. Nxe6 Bb4+ 15. c3 Qxe6 16. cxb4 Nxb4 17. 0-0 Rxd3 18. Qa4 Rxe3 19. Qxa7 Qb6 20. Qxb6 cxb6 21. Nxe5 Rxe4 22. Rac1+ Kb8 23. Rxf6 Rxf6 24. Nd7+ Ka7 25. Nxf6 gxf6 26. Rf1 Nd5 27. Rf5 Re5 28. Rxe5 fxe5 29. g4 Kb8 30. Kf2 e4 31. h4 Kc7 32. g5 Kd6 33. h5 Ke6 34. g6 hxg6 35. h6 Kf6 36. a4 g5 37. b4 Kg6 0-1

[Event "Fredrikstad Hostturnering"]
[Site "Fredrikstad"]
[Date "2002.09.11"]
[Round "2"]
[White "Mordt, Camillo"]
[Black "Lomo, Markus"]
[Result "0-1"]
[WhiteElo "1392"]
[BlackElo "1831"]
[PlyCount "55"]
[EventDate "2002.09.??"]
[EventType "swiss"]
[EventRounds "9"]
[EventCountry "NOR"]
[SourceTitle "EXT 2005"]
[Source "ChessBase"]
[SourceDate "2004.11.15"]
[SourceVersion "1"]
[SourceVersionDate "2004.11.15"]
[SourceQuality "1"]

1. d4 g6 2. c4 Bg7 3. Nc3 d6 4. e4 Nf6 5. f3 0-0 6. Be3 Nbd7 7. Qd2 c5 8. 0-0-0 a6 9. g4 b5 10. e5 cxd4 11. Bxd4 dxe5 12. Bxe5 Qa5 13. Bxf6 Bxf6 14. Ne4 Qxa2 15. Nxf6+ Nxf6 16. Qb4 Be6 17. Ne2 Qxc4+ 18. Qxc4 Bxc4 19. Nc3 Rfc8 20. Kb1 b4 21. Na4 Bb3 22. Nb6 Bxd1 23. Nxc8 Rxc8 24. Bxa6 Bxf3 25. Bxc8 Bxh1 26. b3 e6 27. g5 Ne4 28. Bb7 0-1